South Carolina County Seats - Statistics

General Stats
  • This quiz has been taken 38 times
  • The average score is 36 of 46
Answer Stats
County County Seat % Correct
Charleston Charleston
92%
Richland Columbia
92%
Florence Florence
92%
Georgetown Georgetown
92%
Greenville Greenville
92%
Dorchester St. George
92%
Sumter Sumter
92%
Abbeville Abbeville
88%
Aiken Aiken
88%
Allendale Allendale
88%
Bamberg Bamberg
88%
Barnwell Barnwell
88%
Beaufort Beaufort
88%
Chester Chester
88%
Chesterfield Chesterfield
88%
Darlington Darlington
88%
Greenwood Greenwood
88%
Hampton Hampton
88%
Laurens Laurens
88%
Lexington Lexington
88%
Marion Marion
88%
Newberry Newberry
88%
Orangeburg Orangeburg
88%
Spartanburg Spartanburg
88%
Anderson Anderson
84%
Lancaster Lancaster
84%
McCormick McCormick
84%
Saluda Saluda
84%
York York
84%
Dillon Dillon
80%
Edgefield Edgefield
80%
Pickens Pickens
80%
Union Union
80%
Horry Conway
76%
Berkeley Moncks Corner
68%
Colleton Walterboro
60%
Jasper Ridgeland
56%
Lee Bishopville
52%
Kershaw Camden
52%
Cherokee Gaffney
52%
Williamsburg Kingstree
52%
Marlboro Bennettsville
48%
Clarendon Manning
48%
Oconee Walhalla
48%
Calhoun St. Matthews
44%
Fairfield Winnsboro
44%
No matching quizzes found
Score Distribution
Percent of People with Each Score
Percentile by Number Answered
Your Score History
You have not taken this quiz